00476 2200193 4500001002100000005001500021035002000036245002900056100001800085250000600103300002800109856004500137260003400182082000800216084001400224020002200238600001000260990001200270INLIS00000000000318020251201094240 a0010-12250000011 aChanged /cRashifa KIlla0 aRashifa KIlla a1 a512 hlm ;c14 x 21.5 cm aRuang Baca Umum No Klas 800 ( Rak 3,4,5) aDepok :bBIntang Media,c2017 a813 a813 RAS c a978-602-6940-40-7 4aFiksi a0754474